Quick Pick: 'K' Athletes Quiz Stats

Quiz Updated May 20, 2018

Challenge
Share
Tweet
Embed
Score 0/10 Timer 01:00
3 Plays Today
% Correct
Jason Kidd
75.3%
Shawn Kemp
74.9%
Sandy Koufax
74.8%
Jim Kelly
74%
Bernard King
63.9%
Harmon Killebrew
62.8%
Jari Kurri
57.8%
Al Kaline
57.3%
Dave Krieg
56.5%
Red Kelly
45.6%

Today's Daily Dose

You're not logged in!

Compare scores with friends on all Sporcle quizzes.
Join for Free
OR
Log In

You Might Also Like...

Show Comments

Extras

Top Quizzes Today


Score Distribution

Your Account Isn't Verified!

In order to create a playlist on Sporcle, you need to verify the email address you used during registration. Go to your Sporcle Settings to finish the process.

Report this User

Report this user for behavior that violates our Community Guidelines.

Details: